| 000 | 00751nam a2200193 a 4500 | ||
|---|---|---|---|
| 001 | 000012285 | ||
| 005 | 20200929162758.0 | ||
| 008 | 940525s1993 pe a b 000 0 spa | ||
| 010 | _a94163787 | ||
| 040 |
_aDO-SdBNP _bspa _cBNPHU |
||
| 082 |
_a370.115098 _aP171c |
||
| 100 | 2 |
_aPalma R., Diego. _928932 |
|
| 245 | 1 | 3 |
_aLa construccion de Prometeo : _beducación para una democracia Latinoamericana / _cDiego Palma. |
| 260 |
_aSantiago de Chile : _bConsejo de Educacion de Adultos de America Latina ; _aLima : _bTAREA, _c1993. |
||
| 300 |
_a278 p. : _bill. ; _c21 cm. |
||
| 504 | _aIncludes bibliographical references (p. 267-278). | ||
| 650 | 4 |
_aEducación popular _zAmérica Latina _928933 |
|
| 650 | 4 |
_aAutonomía en la educación _zAmérica Latina _928934 |
|
| 999 |
_c11942 _d11942 |
||